• 首页
  • 本馆介绍
  • 公告通知
  • 最新文献
  • 馆藏检索
  • 电子资源
  • 读者导购
  • 参考咨询
  • 我的图书馆
  • 登录
  • 详细信息显示
  • 放入我的书架
  • 预约/预借图书
  • 作者相关作品
  • 分类相关作品
  • 丛书相关作品
  • 出版社相关作品

书目信息

  • 表格格式
  • 工作单格式
  • 卡片格式
题名:
电视节目线性编辑
    
 
作者: 刘忠 编著
分册:  
出版信息: 北京   中国传媒大学出版社  2009
页数: 101页
开本: 26cm
丛书名:
单 册:
中图分类: G222.1
科图分类:
主题词: 电视节目--线性--编辑--教材 , 电视节目 , 线性 , 编辑
电子资源:
ISBN: 978-7-81127-423-3
000 00902nam0 2200277 45
001 1130737734
005 20110310092356.28
010    @a978-7-81127-423-3@dCNY19.00
100    @a20110121d2009 em y0chiy50 ea
101 0  @achi
102    @aCN@b110000
105    @aa z 000yy
106    @ar
200 1  @a电视节目线性编辑@ADian Shi Jie Mu Xian Xing Bian Ji@f刘忠编著@FLiu Zhong Bian Zhu
210    @a北京@c中国传媒大学出版社@d2009
215    @a101页@c图@d26cm
300    @a广播电视与新媒体系列实验教材/房颖、李俊梅、薛玉田主编
330    @a本书系统全面地介绍了电视节目线性编辑系统的工作原理、典型工作组件、关键技术以及基本的编辑方法和编辑流程。
606 0  @a电视节目@x线性@x编辑@j教材
606 0  @a电视节目
606 0  @a线性
606 0  @a编辑
690    @aG222.1@v4
701  0 @a刘忠@ALiu Zhong@c(传媒)@4编著
801  0 @aCN@bTANGWEI@c20110310
905    @b0531906-09@dG222.1@e120@f4
    
    电视节目线性编辑/刘忠编著.-北京:中国传媒大学出版社,2009
    101页:图;26cm
    广播电视与新媒体系列实验教材/房颖、李俊梅、薛玉田主编
    
    ISBN 978-7-81127-423-3:CNY19.00
    本书系统全面地介绍了电视节目线性编辑系统的工作原理、典型工作组件、关键技术以及基本的编辑方法和编辑流程。
●
相关链接 在E读中查询图书 在五车中查询图书 在当当中查询图书 在豆瓣中查询图书


正题名:电视节目线性编辑     索取号:G222.1/120         预约/预借

序号 登录号 条形码 馆藏地/架位号 状态 备注
1 0531906   205319065   第一样本阅览室/ [索取号:G222.1/120] 在馆    
2 0531907   205319074   密集书库-文学院/ [索取号:G222.1/120] 在馆    
3 0531908   205319083   第四借阅区/ [索取号:G222.1/120] 在馆    
4 0531909   205319092   第四借阅区/ [索取号:G222.1/120] 在馆    
唐山师范学院图书馆 欢迎您!
大连网信软件有限公司© 版权所有